[Event "XV Konik Morski Rewala - Open B"]
[Site "Rewal"]
[Date "2010.08.28"]
[Round "9.13"]
[White "Gorol, Jacek"]
[Black "Czaja, Roman"]
[Result "1/2-1/2"]
[WhiteElo "1684"]
[BlackElo "2046"]
[PlyCount "80"]
[EventDate "2010.??.??"]

1. c4 d6 2. d4 g6 3. Nc3 Bg7 4. g3 Nf6 5. Bg2 O-O 6. e3 Na6 7. Nge2 Rb8 8. O-O
c6 9. Rb1 Nc7 10. b4 d5 11. c5 Bf5 12. Rb2 Qd7 13. a4 Bh3 14. b5 Bxg2 15. Kxg2
g5 16. Qc2 Qg4 17. h3 Qe6 18. b6 axb6 19. Rxb6 Nd7 20. Rb1 b6 21. cxb6 Rxb6 22.
f4 h6 23. f5 Qd6 24. Rxb6 Nxb6 25. Kh2 e5 26. f6 Bh8 27. dxe5 Qxe5 28. Ba3 Re8
29. Bc5 Nc4 30. Rf3 Ne6 31. Bd4 Qb8 32. Qf5 Nxd4 33. exd4 Re6 34. Qg4 Rxf6 35.
Rxf6 Bxf6 36. h4 Kf8 37. hxg5 hxg5 38. Qd7 Qb6 39. Qc8+ Qd8 40. Qf5 Na5 1/2-1/2

[Event "XV Konik Morski Rewala - Open B"]
[Site "Rewal"]
[Date "2010.08.28"]
[Round "9.14"]
[White "Szydlowski, Kazimierz"]
[Black "Botor, Michal"]
[Result "1-0"]
[WhiteElo "1906"]
[BlackElo "1987"]
[PlyCount "47"]
[EventDate "2010.??.??"]

1. e4 c5 2. Nf3 e6 3. c4 Nc6 4. d4 cxd4 5. Nxd4 Bc5 6. Nb3 Bb6 7. c5 Bc7 8. Nc3
d6 9. Be3 dxc5 10. Qxd8+ Bxd8 11. Bxc5 a6 12. a4 Be7 13. Be3 Nf6 14. f3 O-O 15.
Be2 e5 16. O-O Be6 17. Nc5 Bxc5 18. Bxc5 Rfd8 19. Rfd1 Bb3 20. Rxd8+ Rxd8 21.
Ra3 Be6 22. b4 Nd7 23. Bd6 Nb6 24. Bc7 1-0

[Event "XV Konik Morski Rewala - Open B"]
[Site "Rewal"]
[Date "2010.08.28"]
[Round "9.15"]
[White "Choroszej, Aleksander"]
[Black "Faron, Rafal"]
[Result "1-0"]
[WhiteElo "2095"]
[BlackElo "1760"]
[PlyCount "69"]
[EventDate "2010.??.??"]

1. d4 Nf6 2. c4 g6 3. Nc3 Bg7 4. e4 d6 5. f4 O-O 6. Nf3 c5 7. d5 b5 8. cxb5 a6
9. a4 axb5 10. Bxb5 Ba6 11. Bd2 Bxb5 12. axb5 Rxa1 13. Qxa1 Nbd7 14. O-O Qb6
15. Qa6 Qc7 16. Qc6 Qa7 17. Qa6 Qc7 18. Ra1 Rb8 19. Qc6 Qd8 20. Ra7 Nb6 21. b3
c4 22. b4 Nfd7 23. Kf2 f5 24. exf5 gxf5 25. Ng5 Bd4+ 26. Kf1 Nf6 27. Ne6 Qe8
28. Qxe8+ Rxe8 29. Nxd4 Nfxd5 30. Nxd5 Nxd5 31. Nxf5 c3 32. Bc1 Nxb4 33. b6 d5
34. b7 Kf7 35. Nd6+ 1-0

[Event "XV Konik Morski Rewala - Open B"]
[Site "Rewal"]
[Date "2010.08.28"]
[Round "9.16"]
[White "Zochowski, Kacper"]
[Black "Milanowski, Jan"]
[Result "1/2-1/2"]
[WhiteElo "1887"]
[BlackElo "2049"]
[PlyCount "113"]
[EventDate "2010.??.??"]

1. e4 d6 2. d4 Nf6 3. Nc3 c6 4. Bg5 Qa5 5. Qd2 e5 6. f4 h6 7. Bh4 Nbd7 8. Nf3
Be7 9. Bc4 a6 10. Bb3 exd4 11. Qxd4 Nc5 12. O-O Nxb3 13. axb3 Qc5 14. Qxc5 dxc5
15. Na4 Bg4 16. Ne5 Bh5 17. Bxf6 gxf6 18. Nf3 O-O-O 19. h3 Bxf3 20. Rxf3 Rd2
21. Rf2 Rhd8 22. Raf1 b5 23. Nc3 c4 24. Rxd2 Rxd2 25. bxc4 Rxc2 26. cxb5 axb5
27. Nd1 Bc5+ 28. Kh2 Bd4 29. b3 Rd2 30. b4 Kd7 31. Kg3 Ke6 32. Nf2 Bxf2+ 33.
Rxf2 Rd4 34. Rc2 Kd6 35. e5+ fxe5 36. fxe5+ Kd7 37. Rf2 Ke6 38. Rf6+ Kxe5 39.
Rxc6 Rxb4 40. Rxh6 f6 41. Rh8 Rc4 42. Rb8 b4 43. h4 Kf5 44. Rb5+ Kg6 45. h5+
Kh6 46. Rf5 Rc6 47. Rb5 Rc3+ 48. Kf4 Rc4+ 49. Ke3 Rc3+ 50. Kf4 Rc4+ 51. Kg3 Rd4
52. Kf3 Rc4 53. g3 Rc3+ 54. Kf4 b3 55. g4 Rh3 56. Rb6 Kg7 57. Rb7+ 1/2-1/2

[Event "XV Konik Morski Rewala - Open B"]
[Site "Rewal"]
[Date "2010.08.27"]
[Round "9.17"]
[White "Weglarz, Joanna"]
[Black "Grabowski, Jan"]
[Result "1/2-1/2"]
[WhiteElo "2037"]
[BlackElo "1807"]
[PlyCount "25"]
[EventDate "2010.??.??"]

1. e4 e6 2. d4 d5 3. exd5 exd5 4. Bd3 Nc6 5. c3 Bd6 6. Ne2 Nge7 7. Bf4 Bf5 8.
O-O Qd7 9. Bxd6 Qxd6 10. Bxf5 Nxf5 11. Qd3 Nfe7 12. Qg3 Qxg3 13. Nxg3 1/2-1/2

[Event "XV Konik Morski Rewala - Open B"]
[Site "Rewal"]
[Date "2010.08.28"]
[Round "9.18"]
[White "Grabowski, Adam"]
[Black "Korcz, Daniel"]
[Result "1/2-1/2"]
[WhiteElo "1952"]
[BlackElo "1804"]
[PlyCount "152"]
[EventDate "2010.??.??"]

1. e4 e5 2. Nf3 Nc6 3. Bb5 a6 4. Ba4 Nf6 5. O-O b5 6. Bb3 Bc5 7. c3 d6 8. d4
Bb6 9. Re1 Bb7 10. Bg5 h6 11. Be3 Ng4 12. Bc1 O-O 13. h3 Nf6 14. a4 Re8 15. Bc2
exd4 16. cxd4 Nb4 17. d5 Nxc2 18. Qxc2 bxa4 19. Rxa4 Nd7 20. Na3 Nc5 21. Rc4 a5
22. b3 Ba6 23. Rc3 Qf6 24. Bb2 Qg6 25. Nh4 Qh5 26. Nf5 Qxf5 27. exf5 Rxe1+ 28.
Kh2 Re2 29. Qc1 Ne4 30. Rc2 Bxf2 31. Rxe2 Bxe2 32. Nc2 Bg3+ 33. Kh1 Nf2+ 34.
Kg1 Nd3 35. Qd2 Re8 36. Bd4 Nf4 37. Be3 Re4 38. Bf2 Bxf2+ 39. Kxf2 Nd3+ 40. Kg1
Nc5 41. Qxa5 Nxb3 42. Qxc7 Bc4 43. Ne3 Nd2 44. Nxc4 Nxc4 45. Qd8+ Kh7 46. Qf8
f6 47. Qc8 Ne3 48. Qa6 Nxd5 49. Qxd6 Ne3 50. Qd3 Re5 51. g4 Nd5 52. Kg2 Nf4+
53. Kf3 Nd5 54. h4 Ne7 55. Qd4 Kh8 56. Kg3 Kg8 57. Kf3 Kh8 58. Qd8+ Kh7 59. Kg3
Re3+ 60. Kf2 Re5 61. Kg2 Re2+ 62. Kf3 Re5 63. Qb8 Ng8 64. Kg3 Ne7 65. Kf3 Ng8
66. Qb1 Ne7 67. g5 Rxf5+ 68. Kg4 fxg5 69. hxg5 g6 70. gxh6 Kxh6 71. Qc1+ Kh7
72. Qc7 Rf7 73. Kg5 Rf5+ 74. Kh4 Rf7 75. Qd7 Kg7 76. Qd4+ Kh7 1/2-1/2

[Event "XV Konik Morski Rewala - Open B"]
[Site "Rewal"]
[Date "2010.08.28"]
[Round "9.19"]
[White "Starczewska, Dominika"]
[Black "Swiech, Piotr"]
[Result "0-1"]
[WhiteElo "1886"]
[BlackElo "1943"]
[PlyCount "98"]
[EventDate "2010.??.??"]

1. e4 e6 2. d4 d5 3. Nc3 Bb4 4. Nge2 dxe4 5. a3 Bxc3+ 6. Nxc3 Nc6 7. Bb5 Nge7
8. O-O O-O 9. Bg5 f6 10. Be3 f5 11. Bg5 h6 12. Bxe7 Nxe7 13. Bc4 c6 14. Qd2 Nd5
15. Bxd5 exd5 16. Ne2 Qf6 17. f3 Qd6 18. f4 b6 19. Ng3 g6 20. Qe3 Be6 21. Ne2
Bc8 22. Ng3 Ba6 23. Rf2 Rac8 24. Rd1 Rfd8 25. h3 Rc7 26. Nh1 c5 27. c3 Bd3 28.
Rxd3 exd3 29. Qxd3 cxd4 30. Qxd4 Rc4 31. Qe3 Kf7 32. Ng3 Re8 33. Qd2 Qc5 34.
Kh2 d4 35. Ne2 dxc3 36. Nxc3 Rd4 37. Qc2 Re3 38. Qc1 Rc4 39. Qd2 Qd4 40. Qc2 b5
41. Qd2 a6 42. Qc2 a5 43. Qd2 b4 44. Qxd4 Rxd4 45. Nb5 Rd5 46. a4 h5 47. Rc2 h4
48. Rc7+ Kg8 49. Rc2 Rd1 0-1

[Event "XV Konik Morski Rewala - Open B"]
[Site "Rewal"]
[Date "2010.08.28"]
[Round "9.20"]
[White "Najdzionek, Boleslaw"]
[Black "Dzierzak, Radoslaw"]
[Result "0-1"]
[WhiteElo "1924"]
[BlackElo "1608"]
[PlyCount "146"]
[EventDate "2010.??.??"]

1. d4 Nf6 2. c4 e6 3. Nf3 b6 4. Bg5 Bb7 5. Nbd2 d5 6. e3 Be7 7. Qc2 O-O 8. b3
Nbd7 9. Bd3 h6 10. Bh4 c5 11. Rc1 Rc8 12. Qb1 Re8 13. O-O dxc4 14. bxc4 Qc7 15.
Rfd1 Qc6 16. Bf1 Rcd8 17. h3 Bd6 18. d5 exd5 19. cxd5 Qc7 20. Bxf6 Nxf6 21. e4
Re7 22. Bd3 Nh5 23. Nc4 Bf4 24. Rc3 f5 25. Ne3 Bxe3 26. fxe3 fxe4 27. Bxe4 Nf6
28. Bc2 Nxd5 29. Bb3 Kh8 30. Bxd5 Rxd5 31. Rxd5 Bxd5 32. Qf5 Bxa2 33. Qf8+ Bg8
34. Nh4 Rf7 35. Qe8 Qg3 36. Rd3 Qxh4 37. Rd8 Kh7 38. Qxg8+ Kg6 39. Qe8 Qe7 40.
Qc6+ Rf6 41. Qd5 Qxe3+ 42. Kh2 Qf4+ 43. Kg1 Qd4+ 44. Qxd4 cxd4 45. Rxd4 a5 46.
Rd5 Re6 47. Rb5 Kf6 48. h4 Ke7 49. Kf2 Kd6 50. Rxb6+ Ke7 51. Rb7+ Kf6 52. Ra7
Re5 53. g4 Re4 54. Ra6+ Kf7 55. Kf3 Ra4 56. g5 h5 57. g6+ Ke7 58. Kg3 Rg4+ 59.
Kh3 Ra4 60. Kg3 Ra1 61. Kf4 a4 62. Kg5 a3 63. Ra7+ Ke6 64. Rxg7 Rg1+ 65. Kxh5
a2 66. Ra7 a1=Q 67. Rxa1 Rxa1 68. Kh6 Kf6 69. h5 Rh1 70. g7 Rg1 71. Kh7 Rxg7+
72. Kh6 Rg1 73. Kh7 Rh1 0-1

[Event "XV Konik Morski Rewala - Open B"]
[Site "Rewal"]
[Date "2010.08.28"]
[Round "9.21"]
[White "Snihur, Piotr"]
[Black "Kubica, Kamil"]
[Result "1/2-1/2"]
[WhiteElo "1731"]
[BlackElo "1917"]
[PlyCount "100"]
[EventDate "2010.??.??"]

1. e4 e5 2. Nf3 Nc6 3. Bb5 a6 4. Ba4 Nf6 5. O-O Nxe4 6. Re1 Nc5 7. Bxc6 dxc6 8.
Nxe5 Be7 9. Nc3 O-O 10. d3 Bd6 11. Nc4 Be6 12. Nxd6 cxd6 13. Bf4 d5 14. d4 Nd7
15. Ne2 Re8 16. Ng3 Qh4 17. Qd2 h6 18. Ne2 Qf6 19. Bg3 Rac8 20. c3 Re7 21. Nf4
Rce8 22. Nxe6 Rxe6 23. f3 Qg5 24. Qxg5 hxg5 25. Kf2 f6 26. Rxe6 Rxe6 27. Re1
Kf7 28. Rxe6 Kxe6 29. h4 gxh4 30. Bxh4 Nb6 31. b3 Nc8 32. Ke3 Nd6 33. g4 g5 34.
Bg3 Nf7 35. a4 Nh6 36. Kd3 f5 37. gxf5+ Nxf5 38. Bf2 Nd6 39. Bg3 Nf5 40. Be5
Nh4 41. Ke2 Kf5 42. c4 dxc4 43. bxc4 c5 44. Bg7 cxd4 45. Bxd4 Ng6 46. Ke3 Nf8
47. Bc5 Ne6 48. Bd6 b6 49. Kd3 Nc5+ 50. Bxc5 bxc5 1/2-1/2

[Event "XV Konik Morski Rewala - Open B"]
[Site "Rewal"]
[Date "2010.08.28"]
[Round "9.22"]
[White "Biszof, Henryk"]
[Black "Cichy, Kamil"]
[Result "1/2-1/2"]
[WhiteElo "1739"]
[BlackElo "1900"]
[PlyCount "111"]
[EventDate "2010.??.??"]

1. e4 c5 2. Nf3 d6 3. d4 Nf6 4. Nc3 cxd4 5. Nxd4 Nc6 6. Bg5 Qb6 7. Nb3 e6 8.
Be3 Qc7 9. Bb5 Be7 10. O-O O-O 11. f4 a6 12. Bd3 b5 13. a3 Bb7 14. Nd2 Na5 15.
Qe2 Rac8 16. Bf2 Nc4 17. Bxc4 bxc4 18. Na4 Nd7 19. Bd4 e5 20. fxe5 dxe5 21. Be3
Nc5 22. Nxc5 Bxc5 23. Nxc4 Bxe4 24. Bxc5 Qxc5+ 25. Ne3 f5 26. Kh1 f4 27. Ng4
Qxc2 28. Qxc2 Rxc2 29. Rf2 Rxf2 30. Nxf2 Bb7 31. Re1 Rc8 32. Kg1 Rc2 33. b4 Kf7
34. h3 Ke6 35. Nd3 Rxg2+ 36. Kf1 Rg3 37. Nc5+ Kf5 38. Nxb7 Rxa3 39. Nd6+ Ke6
40. Nc4 Rxh3 41. Rxe5+ Kd7 42. b5 axb5 43. Rxb5 Ke6 44. Kg2 Rg3+ 45. Kf2 g5 46.
Nd2 g4 47. Rh5 Ra3 48. Rxh7 g3+ 49. Kg1 Ra1+ 50. Kg2 Ra2 51. Kf3 Rxd2 52. Kxf4
g2 53. Rg7 Kf6 54. Rg3 Rf2+ 55. Ke3 Ra2 56. Kf3 1/2-1/2

[Event "XV Konik Morski Rewala - Open B"]
[Site "Rewal"]
[Date "2010.08.28"]
[Round "9.24"]
[White "Jewulski, Krzysztof"]
[Black "Sowa, Martyna"]
[Result "1/2-1/2"]
[WhiteElo "2002"]
[BlackElo "1695"]
[PlyCount "36"]
[EventDate "2010.??.??"]

1. e4 c5 2. Nf3 e6 3. c4 Nc6 4. Nc3 a6 5. Be2 Qc7 6. d4 cxd4 7. Nxd4 Nf6 8. Be3
Bb4 9. Qc2 Ne5 10. O-O Bxc3 11. bxc3 Nxc4 12. Bg5 O-O 13. Qd3 Ne5 14. Qe3 Neg4
15. Qh3 h6 16. Bh4 Qf4 17. Kh1 h5 18. Bg3 Qh6 1/2-1/2

[Event "XV Konik Morski Rewala - Open B"]
[Site "Rewal"]
[Date "2010.08.28"]
[Round "9.26"]
[White "Kiolbasa, Oliwia"]
[Black "Gola, Karolina"]
[Result "0-1"]
[WhiteElo "1593"]
[BlackElo "1862"]
[PlyCount "106"]
[EventDate "2010.??.??"]

1. e4 c5 2. Nf3 e6 3. d4 cxd4 4. Nxd4 a6 5. c4 Nf6 6. Nc3 Bb4 7. Bd3 Nc6 8.
Nxc6 dxc6 9. e5 Qa5 10. exf6 Bxc3+ 11. bxc3 Qxc3+ 12. Bd2 Qxd3 13. fxg7 Rg8 14.
Bh6 Qc3+ 15. Kf1 Qf6 16. Qc1 c5 17. Rb1 Rb8 18. Qd2 Qd4 19. Qxd4 cxd4 20. Bf4
Ra8 21. Bh6 f6 22. g4 Bd7 23. Rg1 Bc6 24. g5 Kf7 25. gxf6 Kxf6 26. Rb6 Kf7 27.
Ke2 Rad8 28. Kd3 e5 29. Rbb1 Rd6 30. Bd2 e4+ 31. Ke2 Rxg7 32. Rxg7+ Kxg7 33.
Bf4 Rd7 34. Be5+ Kf7 35. Rd1 d3+ 36. Ke3 Kg6 37. Bc3 Rf7 38. Bd4 Rf3+ 39. Kd2
Rh3 40. Re1 Rxh2 41. Bb6 h5 42. Ke3 Rh3+ 43. Kd2 h4 44. Bc7 Rf3 45. Rf1 h3 46.
Bg3 e3+ 47. Kxd3 exf2+ 48. Ke2 Rxg3 49. Rxf2 Rg2 50. Rxg2+ hxg2 51. Kf2 Kf6 52.
a4 Ke5 53. a5 Kd4 0-1

[Event "XV Konik Morski Rewala - Open B"]
[Site "Rewal"]
[Date "2010.08.28"]
[Round "9.27"]
[White "Panczuk, Joanna"]
[Black "Galaszewski, Patryk"]
[Result "1/2-1/2"]
[WhiteElo "1651"]
[BlackElo "1829"]
[PlyCount "55"]
[EventDate "2010.??.??"]

1. Nf3 g6 2. d4 Bg7 3. e3 d6 4. Be2 Nf6 5. O-O O-O 6. c4 Nbd7 7. Nc3 e6 8. Bd2
c5 9. Rc1 b6 10. Qc2 Bb7 11. Rfd1 Qe7 12. Be1 Rfd8 13. Nd2 Rac8 14. b3 Ne8 15.
Nf3 f5 16. Qb1 Nef6 17. Nd2 d5 18. cxd5 Nxd5 19. Nxd5 Bxd5 20. dxc5 Nxc5 21.
Bf3 Bxf3 22. Nxf3 Rxd1 23. Rxd1 e5 24. Bb4 e4 25. Nd4 Qe8 26. Bxc5 Rxc5 27. Rc1
Qc8 28. Rxc5 1/2-1/2

[Event "XV Konik Morski Rewala - Open B"]
[Site "Rewal"]
[Date "2010.08.28"]
[Round "9.29"]
[White "Czornik, Janusz"]
[Black "Skiba, Marta"]
[Result "1/2-1/2"]
[WhiteElo "1814"]
[BlackElo "1691"]
[PlyCount "51"]
[EventDate "2010.??.??"]

1. e4 e5 2. Nf3 Nc6 3. Bc4 Nf6 4. Qe2 Be7 5. c3 O-O 6. d3 d6 7. h3 Na5 8. Bb5
c6 9. Ba4 b5 10. Bc2 Qc7 11. Nbd2 c5 12. Nf1 Nc6 13. Ng3 b4 14. c4 Be6 15. Ba4
Nd7 16. Bxc6 Qxc6 17. Nf5 Bxf5 18. exf5 Bf6 19. Qe4 Qxe4+ 20. dxe4 Nb6 21. Nd2
Bg5 22. b3 Bxd2+ 23. Kxd2 a5 24. Bb2 a4 25. Kc2 a3 26. Bc1 1/2-1/2

[Event "XV Konik Morski Rewala - Open B"]
[Site "Rewal"]
[Date "2010.08.28"]
[Round "9.31"]
[White "Cyra, Dariusz"]
[Black "Statucki, Maciej"]
[Result "0-1"]
[WhiteElo "1874"]
[BlackElo "1832"]
[PlyCount "30"]
[EventDate "2010.??.??"]

1. d4 Nf6 2. c4 g6 3. Nc3 d5 4. Qb3 dxc4 5. Qxc4 Bg7 6. e4 Nc6 7. Be3 O-O 8.
Be2 Ng4 9. Bxg4 Bxg4 10. Qa4 Nxd4 11. Rd1 Bd7 12. Rxd4 Bxa4 13. Rxd8 Bxc3+ 14.
bxc3 Raxd8 15. Ne2 Rd1# 0-1

[Event "XV Konik Morski Rewala - Open B"]
[Site "Rewal"]
[Date "2010.08.28"]
[Round "9.32"]
[White "Majdan, Damian"]
[Black "Karwowski, Kacper"]
[Result "1-0"]
[WhiteElo "1846"]
[BlackElo "1761"]
[PlyCount "85"]
[EventDate "2010.??.??"]

1. Nf3 d6 2. e3 e5 3. b3 f5 4. d4 e4 5. Nfd2 Nf6 6. c4 d5 7. cxd5 Nxd5 8. Bc4
c6 9. Qc2 Be6 10. a3 Nd7 11. Nc3 Rc8 12. Qb2 Bd6 13. Bxd5 cxd5 14. f4 Qh4+ 15.
g3 Qh3 16. Kf2 g5 17. b4 gxf4 18. exf4 Bxf4 19. Ndxe4 Bxc1 20. Nd6+ Ke7 21.
Nxc8+ Rxc8 22. Raxc1 Nf6 23. Ke1 f4 24. Ne2 Rxc1+ 25. Qxc1 f3 26. Nf4 Qf5 27.
Qc7+ Nd7 28. Kf2 Kf6 29. Nxe6 Kxe6 30. Re1+ Kf6 31. Qf4 Qxf4 32. gxf4 Nb6 33.
Kxf3 Nc4 34. a4 Nb2 35. Rc1 Nd3 36. Rc7 Nxb4 37. Rxb7 a5 38. Rb5 Ke6 39. Rxa5
Nc2 40. Ra7 h5 41. a5 Nxd4+ 42. Ke3 Nb5 43. Rh7 1-0

[Event "XV Konik Morski Rewala - Open B"]
[Site "Rewal"]
[Date "2010.08.28"]
[Round "9.33"]
[White "Mackiewicz, Piotr"]
[Black "Strumilo, Slawomir"]
[Result "1/2-1/2"]
[WhiteElo "1764"]
[BlackElo "1821"]
[PlyCount "29"]
[EventDate "2010.??.??"]

1. d4 Nf6 2. c4 e5 3. Nc3 exd4 4. Qxd4 Nc6 5. Qd3 Nb4 6. Qd1 Be7 7. a3 Nc6 8.
Nf3 a6 9. Bg5 O-O 10. e3 b6 11. Be2 Bb7 12. Bh4 Ne4 13. Bxe7 Qxe7 14. Qc2 Nxc3
15. Qxc3 1/2-1/2

[Event "XV Konik Morski Rewala - Open B"]
[Site "Rewal"]
[Date "2010.08.28"]
[Round "9.35"]
[White "Nun, Grzegorz"]
[Black "Stankowski, Aleksander"]
[Result "0-1"]
[WhiteElo "1721"]
[BlackElo "1804"]
[PlyCount "102"]
[EventDate "2010.??.??"]

1. e4 Nf6 2. Nc3 d6 3. d4 g6 4. f3 Bg7 5. Be3 O-O 6. Qd2 Nc6 7. O-O-O a6 8. g4
h5 9. g5 Nd7 10. f4 b5 11. f5 Nb6 12. d5 Na5 13. Bxb6 cxb6 14. Bd3 Nc4 15. Bxc4
bxc4 16. Rf1 b5 17. a3 Bd7 18. Nge2 a5 19. Nb1 b4 20. c3 Rb8 21. Rf2 Qb6 22.
Rhf1 Be5 23. Ng1 bxc3 24. Nxc3 Bd4 25. Re2 Bxg1 26. Ree1 Bd4 27. f6 e5 28. dxe6
Bxe6 29. Rf3 Bg4 30. Rff1 Bxc3 31. Qxc3 Qb3 32. Re3 Qa2 33. Rfe1 Rb3 34. Qc2
Qa1+ 35. Qb1 Qxb1+ 36. Kxb1 Rfb8 37. Rxb3 Rxb3 38. Kc2 Kf8 39. h4 Ke8 40. a4
Kd7 41. Kc1 Ke6 42. Kc2 Ke5 43. Kb1 Bf3 44. Ka2 Bxe4 45. Re2 d5 46. Ka1 d4 47.
Ka2 d3 48. Re1 Rb4 49. b3 c3 50. Rf1 d2 51. Rc1 dxc1=N+ 0-1

[Event "XV Konik Morski Rewala - Open B"]
[Site "Rewal"]
[Date "2010.08.28"]
[Round "9.36"]
[White "Polok, Robert"]
[Black "Nun, Joanna"]
[Result "0-1"]
[WhiteElo "1795"]
[BlackElo "1564"]
[PlyCount "94"]
[EventDate "2010.??.??"]

1. e4 c5 2. Nc3 Nc6 3. Bb5 e6 4. Bxc6 bxc6 5. f4 d5 6. e5 g6 7. d3 Bg7 8. b3 f6
9. Nf3 Ne7 10. O-O Nf5 11. Re1 Qc7 12. Bb2 Nd4 13. Na4 fxe5 14. Nxc5 Nxf3+ 15.
Qxf3 e4 16. Bxg7 exf3 17. Bxh8 f2+ 18. Kxf2 Qxf4+ 19. Kg1 Qd6 20. d4 a5 21. Re3
Ra7 22. Rae1 Re7 23. Be5 Qd8 24. Bf6 Kf7 25. Bxe7 Qxe7 26. Nxe6 Bxe6 27. Rxe6
Qb4 28. Re7+ Kf8 29. h3 Qxd4+ 30. Kh1 Qh4 31. R1e2 Qxe7 32. Rxe7 Kxe7 33. Kg1
Kd6 34. Kf2 d4 35. Ke2 Ke5 36. Kf3 h6 37. g3 Kf5 38. g4+ Ke5 39. h4 g5 40. h5
Kd5 41. a3 c5 42. a4 Ke5 43. Ke2 Kf4 44. Kd3 Kxg4 45. Kc4 Kxh5 46. Kxc5 g4 47.
b4 g3 0-1

[Event "XV Konik Morski Rewala - Open B"]
[Site "Rewal"]
[Date "2010.08.28"]
[Round "9.37"]
[White "Szolc, Grzegorz"]
[Black "Botor, Michalina"]
[Result "1/2-1/2"]
[WhiteElo "1678"]
[BlackElo "1785"]
[PlyCount "45"]
[EventDate "2010.??.??"]

1. e4 e6 2. d4 d5 3. exd5 exd5 4. Nf3 Bd6 5. c4 c6 6. Nc3 Ne7 7. c5 Bc7 8. Be2
Bf5 9. O-O O-O 10. b4 a6 11. a4 Ng6 12. Bd2 Nh4 13. g3 Nxf3+ 14. Bxf3 Qf6 15.
Be3 Bh3 16. Bg2 Bxg2 17. Kxg2 Qg6 18. Qb1 f5 19. Qb3 h5 20. h4 Qg4 21. Qc2 Qg6
22. Qb3 Qg4 23. Qc2 1/2-1/2

[Event "XV Konik Morski Rewala - Open B"]
[Site "Rewal"]
[Date "2010.08.28"]
[Round "9.38"]
[White "Krolak, Dominika"]
[Black "Paszewski, Mateusz"]
[Result "0-1"]
[WhiteElo "1443"]
[BlackElo "1781"]
[PlyCount "56"]
[EventDate "2010.??.??"]

1. d4 d5 2. c4 c6 3. Nc3 Nf6 4. Nf3 e6 5. Bf4 dxc4 6. Bd2 b5 7. a3 Bb7 8. e3
Nbd7 9. b3 cxb3 10. Qxb3 Bd6 11. Be2 O-O 12. O-O a6 13. e4 e5 14. dxe5 Nxe5 15.
Rad1 Qc7 16. g3 Rfe8 17. Nxe5 Bxe5 18. Bf3 Bxc3 19. Bxc3 Nxe4 20. Bd4 c5 21.
Qc2 Ng5 22. Bxb7 Qxb7 23. f3 cxd4 24. Qf5 Ne6 25. h4 Red8 26. Rd2 Qd5 27. Qg4
d3 28. Rfd1 Nc5 0-1

[Event "XV Konik Morski Rewala - Open B"]
[Site "Rewal"]
[Date "2010.08.28"]
[Round "9.39"]
[White "Mostowski, Boguslaw"]
[Black "Janik, Lidia"]
[Result "1-0"]
[WhiteElo "1779"]
[BlackElo "1608"]
[PlyCount "39"]
[EventDate "2010.??.??"]

1. e4 c5 2. Nf3 d6 3. d4 cxd4 4. Nxd4 g6 5. Nc3 Bg7 6. Be3 a6 7. Bc4 Nf6 8. f3
O-O 9. Qd2 b5 10. Bb3 Bb7 11. h4 Nbd7 12. h5 Nxh5 13. g4 Nhf6 14. Bh6 Re8 15.
Bxg7 Kxg7 16. Qh6+ Kg8 17. g5 Nh5 18. Rxh5 e5 19. Qxh7+ Kf8 20. Qxf7# 1-0

[Event "XV Konik Morski Rewala - Open B"]
[Site "Rewal"]
[Date "2010.08.28"]
[Round "9.40"]
[White "Krupa, Jerzy"]
[Black "Bieniek, Kazimierz"]
[Result "1/2-1/2"]
[WhiteElo "1947"]
[BlackElo "1696"]
[PlyCount "52"]
[EventDate "2010.??.??"]

1. e4 c5 2. Nf3 Nc6 3. Bb5 g6 4. O-O Bg7 5. c3 a6 6. Bxc6 dxc6 7. d3 e5 8. Be3
b6 9. a4 a5 10. Qd2 Ne7 11. b4 f5 12. exf5 Bxf5 13. bxc5 Qxd3 14. cxb6 Nd5 15.
Re1 O-O 16. Bc5 Rfe8 17. Qxd3 Bxd3 18. Ra3 Rab8 19. Rb3 Bc2 20. Rb2 Bxa4 21. c4
Nf4 22. Ra2 Nd3 23. Rxa4 Nxc5 24. Rxa5 Nb3 25. Ra6 Nc5 26. Ra5 Nb3 1/2-1/2

[Event "XV Konik Morski Rewala - Open B"]
[Site "Rewal"]
[Date "2010.08.28"]
[Round "9.41"]
[White "Kardasz, Wladyslaw"]
[Black "Nun, Ryszard"]
[Result "1/2-1/2"]
[WhiteElo "1874"]
[BlackElo "1684"]
[PlyCount "90"]
[EventDate "2010.??.??"]

1. e4 c5 2. Nf3 d6 3. c3 Nc6 4. d4 cxd4 5. cxd4 Bg4 6. Nc3 a6 7. Be3 e6 8. d5
Ne5 9. Qa4+ Nd7 10. Nd4 e5 11. f3 exd4 12. Bxd4 Bh5 13. Be2 Ngf6 14. g4 Bg6 15.
h4 h6 16. Kf2 h5 17. g5 Ng8 18. f4 f6 19. f5 fxg5 20. fxg6 g4 21. Bd3 Ngf6 22.
e5 dxe5 23. Bxe5 Bc5+ 24. Kg3 O-O 25. Bf4 Nb6 26. Qb3 Nfxd5 27. Bc4 Bf2+ 28.
Kg2 Nxc4 29. Qxc4 Rxf4 30. Qxd5+ Qxd5+ 31. Nxd5 Rf3 32. Rad1 Bc5 33. Rhf1 Rxf1
34. Rxf1 Rf8 35. Nf4 Rf5 36. Rc1 b6 37. Nd3 a5 38. a3 Bd4 39. b4 Rf6 40. Rc4
Be3 41. Rc8+ Rf8 42. Rc6 Rf6 43. Rc8+ Rf8 44. Rc6 Rf6 45. Rc8+ Rf8 1/2-1/2

[Event "XV Konik Morski Rewala - Open B"]
[Site "Rewal"]
[Date "2010.08.28"]
[Round "9.42"]
[White "Zawada, Jozef"]
[Black "Poswiatowski, Stanislaw"]
[Result "0-1"]
[WhiteElo "1838"]
[BlackElo "1667"]
[PlyCount "106"]
[EventDate "2010.??.??"]

1. d4 d5 2. c4 c6 3. cxd5 cxd5 4. Nc3 Nc6 5. Nf3 Nf6 6. g3 Bf5 7. a3 e6 8. Bg2
Rc8 9. Nh4 Bg6 10. Nxg6 hxg6 11. Bg5 Qb6 12. Qd2 Qxd4 13. Qxd4 Nxd4 14. O-O Nf5
15. e4 dxe4 16. Nxe4 Nxe4 17. Bxe4 Nd6 18. Bd3 Be7 19. Bf4 O-O 20. Rfd1 Rfd8
21. Rab1 Rc7 22. h4 Rcd7 23. Rdc1 a6 24. b4 Nf5 25. Be4 Nd4 26. Kf1 Bf6 27. Rc4
Nb5 28. Rb3 e5 29. Be3 Nd6 30. Bd3 Nxc4 31. Bxc4 Rd1+ 32. Kg2 R8d7 33. Be2 Ra1
34. Bf3 Rc7 35. Bb6 Rd7 36. Be3 Ra2 37. Be4 Ra1 38. Rc3 Be7 39. Kh2 f5 40. Bg2
Bf6 41. Rb3 e4 42. Kh3 b5 43. g4 Bd4 44. h5 gxh5 45. gxf5 Bxe3 46. fxe3 Rd3 47.
Rb2 Rxe3+ 48. Kh4 Raxa3 49. Kxh5 Kf7 50. Kg4 Kf6 51. Kf4 Reb3 52. Rc2 e3 53.
Rc6+ Ke7 0-1

[Event "XV Konik Morski Rewala - Open B"]
[Site "Rewal"]
[Date "2010.08.28"]
[Round "9.43"]
[White "Laszewski, Kazimierz"]
[Black "Mirski, Roman (j)"]
[Result "1-0"]
[WhiteElo "1769"]
[BlackElo "1568"]
[PlyCount "99"]
[EventDate "2010.??.??"]

1. e4 c5 2. Nf3 Nc6 3. d4 cxd4 4. Nxd4 g6 5. Nc3 Bg7 6. Be3 Nf6 7. Be2 O-O 8.
O-O d5 9. Nxc6 bxc6 10. e5 Nd7 11. f4 Nb6 12. a4 a5 13. Bd4 Qc7 14. Bd3 c5 15.
Nb5 Qc6 16. Bc3 Bb7 17. Qg4 c4 18. Be2 e6 19. Rf3 Ba6 20. Nd4 Qd7 21. Bxa5 Nxa4
22. Rfa3 Qa7 23. c3 Nb6 24. Bb4 Rfc8 25. Rxa6 Qb7 26. Rxa8 Nxa8 27. h4 h5 28.
Qg5 Kh7 29. Qe7 Rc7 30. Qe8 Rc8 31. Qb5 Qc7 32. Bd6 Qd8 33. Ra7 Qxh4 34. Nf3
Qxf4 35. Qd7 Nb6 36. Qxf7 Qxf7 37. Rxf7 Kg8 38. Rb7 Rc6 39. Ng5 Nc8 40. Nxe6
Bxe5 41. Rc7 Rxd6 42. Rxc8+ Kf7 43. Nd4 Rb6 44. Bf3 Bxd4+ 45. cxd4 Ke6 46. Rc5
Rd6 47. Kf2 Rd7 48. Kg3 Rd8 49. Rb5 Rf8 50. Bxd5+ 1-0

[Event "XV Konik Morski Rewala - Open B"]
[Site "Rewal"]
[Date "2010.08.28"]
[Round "9.44"]
[White "Murawko, Katarzyna"]
[Black "Jasniewicz, Rafal"]
[Result "1/2-1/2"]
[WhiteElo "1734"]
[BlackElo "1588"]
[PlyCount "69"]
[EventDate "2010.??.??"]

1. e4 d6 2. d4 Nf6 3. Nc3 g6 4. Nf3 Bg7 5. h3 h5 6. Be3 a6 7. Bc4 b5 8. Bb3 Bb7
9. a3 e6 10. Qd3 Nbd7 11. Ng5 c5 12. Bxe6 fxe6 13. Nxe6 Qe7 14. Nc7+ Kd8 15.
Nxa8 Bxa8 16. f3 Bh6 17. Bxh6 Rxh6 18. Qe3 Rh8 19. O-O-O c4 20. Rhe1 Re8 21.
Qg5 Nh7 22. Qxg6 Qg5+ 23. Qxg5+ Nxg5 24. h4 Ne6 25. g3 Rg8 26. Rg1 Rg7 27. Ne2
Nf6 28. d5 Nc5 29. Nd4 Kd7 30. Nf5 Rg8 31. Rde1 Rf8 32. Nd4 Rg8 33. Nf5 Rf8 34.
Nd4 Rg8 35. Nf5 1/2-1/2

[Event "XV Konik Morski Rewala - Open B"]
[Site "Rewal"]
[Date "2010.08.28"]
[Round "9.45"]
[White "Cwik, Jacek"]
[Black "Kopica, Paulina"]
[Result "0-1"]
[WhiteElo "1701"]
[BlackElo "1567"]
[PlyCount "44"]
[EventDate "2010.??.??"]

1. e4 e6 2. Nc3 d5 3. f4 Bb4 4. exd5 exd5 5. Qe2+ Ne7 6. Qb5+ Nbc6 7. Nf3 a6 8.
Qa4 Bd7 9. Qb3 O-O 10. d4 Re8 11. Be2 Bg4 12. O-O Nf5 13. Nxd5 Rxe2 14. Nxb4
Bxf3 15. Qxf3 Nfxd4 16. Qg4 Nxb4 17. c3 f5 18. Qh5 g6 19. Qh3 Nbc2 20. Qd3 Qd5
21. Rf2 Re1+ 22. Qf1 Ne2+ 0-1